000 00630nam a2200193Ia 4500
008 220204s9999 xx 000 0 und d
082 _a581.5
_bECO
100 _aGATES, David M
245 0 _aPerspectives of biophysical ecology: Papers presented at a symposium held at the University of Michigan, Biological station, Aug 20-24, 1973
260 _aNew York
_bSpringer Verlag
_c1975
490 _aEcological studies 12
650 _aAnalytical plant model
650 _aClimatology
650 _aEnergy transfer
650 _aPlant productivity
650 _aWater transport
700 _aSCHEMERL, Rudolf B
942 _cBK
999 _c26530
_d26530